000 00689nam a2200289Ia 4500
005 20260324135313.0
008 008 260324s9999 xx 000 0 eng d
020 _a9781315608266
037 _aEBOOK
040 _aCRL
040 _beng
040 _cCRL
041 _2eng
041 _aeng
084 _qCRL
100 _aIan Cunningham; Ben Bennett
_91200106
245 0 _aSelf Managed Learning in Action
245 0 _bPutting SML into Practice
260 _bTaylor and Francis
260 _c2000
365 _a
365 _b145
856 _uhttp://www.taylorfrancis.com/books/9781315608266
942 _cEBOOK
999 _c1801021
_d1801021